000 00479nam a22001817a 4500
005 20251108165022.0
008 250721s1991 xx 000 0 ara d
082 1 4 _a927.8/فاج
100 1 _aزكريا، فؤاد
245 1 0 _aريتشارد فاجنر /
264 1 _aالقاهرة :
_bمكتبة مصر،
_c1991.
300 _a135ص
650 1 7 _aالتراجم
650 1 7 _aالموسيقى
650 1 7 _aالموسيقيون
942 _2ddc
_cBK
999 _c20060
_d20060